Orchid portraits

Bibliographic Details
Main Author: Yong,H.S
Format: Book
Published: Kuala Lumpur : Tropical press sdn.bhd. , 1990
Subjects:

MARC

LEADER 00000cam a2200000 7i4500
001 0000063044
005 20160517.0
008 160517
020 |a 967730555 
090 0 0 |a 584.15   |b YON 
100 1 |a Yong,H.S. 
245 1 0 |a Orchid portraits   |c H.S.Yong 
260 |a Kuala Lumpur :   |b Tropical press sdn.bhd. ,   |c 1990 
650 0 |a Orchids-Asia,southeastern 
650 0 |a Orchids-Asia,southeastern-varieties 
999 |a 0000214641   |b Book   |c Adult Collection   |e Cawangan Pontian